Vorname als Nachname als Vorname #6 - Statistiken

Allgemein
  • Dieses Quiz wurde 189 mal gespielt
  • Das Durchschnittsergebnis liegt bei 8 aus 14
Antwortstatistiken
Vorname ? Name ? Nachname % Korrekt
Björn Otto von Bismarck
94%
Julian David Beckham
82%
Sarah Jessica Parker Posey
79%
Pamela Anderson Cooper
77%
Gottfried John Wayne
64%
Elizabeth Taylor Lautner
64%
Steve Martin Scorsese
61%
Kurt Russell Crowe
52%
Nat King Cole Porter
48%
Carol Channing Tatum
46%
Nina Simone de Beauvoir
40%
Spike Lee Marvin
39%
Annie Lennox Lewis
31%
Chris Rock Hudson
23%
Keine übereinstimmenden Quizze gefunden
Verteilung der Resultate
Anzahl Personen mit jedem Resultat
Perzentil nach korrekt beantworteten Fragen
Ihre Resultats-Entwicklung
Sie haben dieses Quiz noch nicht gespielt